<?xml version="1.0" encoding="UTF-8"?>
<record
    xmlns:xsi="http://www.w3.org/2001/XMLSchema-instance"
    xsi:schemaLocation="http://www.loc.gov/MARC21/slim http://www.loc.gov/standards/marcxml/schema/MARC21slim.xsd"
    xmlns="http://www.loc.gov/MARC21/slim">

  <leader>02058nam a2200253Ia 4500</leader>
  <controlfield tag="001">b6476-46574 </controlfield>
  <controlfield tag="003">IT-MiCISF</controlfield>
  <controlfield tag="005">20250212115957.0</controlfield>
  <controlfield tag="008">161014s9999||||xx |||||||||||||| ||und||</controlfield>
  <datafield tag="040" ind1=" " ind2=" ">
    <subfield code="a">IT-MiCISF</subfield>
    <subfield code="c">IT-MiCISF</subfield>
  </datafield>
  <datafield tag="041" ind1=" " ind2=" ">
    <subfield code="a">it</subfield>
  </datafield>
  <datafield tag="100" ind1=" " ind2=" ">
    <subfield code="a">Donati Pierpaolo, Prandini Riccardo (a cura di)</subfield>
    <subfield code="9">60604</subfield>
  </datafield>
  <datafield tag="245" ind1=" " ind2="0">
    <subfield code="a">La cura della famiglia e il mondo del lavoro.</subfield>
    <subfield code="b">Un piano di politiche familiari</subfield>
  </datafield>
  <datafield tag="250" ind1=" " ind2=" ">
    <subfield code="a">Osservatorio nazionale sulla famiglia</subfield>
  </datafield>
  <datafield tag="260" ind1=" " ind2=" ">
    <subfield code="a"> Milano,</subfield>
    <subfield code="b">Franco Angeli,</subfield>
    <subfield code="c">2008</subfield>
  </datafield>
  <datafield tag="300" ind1=" " ind2=" ">
    <subfield code="a">pp. 516</subfield>
  </datafield>
  <datafield tag="500" ind1=" " ind2=" ">
    <subfield code="a"> / politica-familiare, lavoro, famiglia, previdenze-per-famiglia, servizi-infanzia, comparazione / </subfield>
  </datafield>
  <datafield tag="520" ind1=" " ind2=" ">
    <subfield code="a">In questo volume, l'Osservatorio Nazionale sulla Famiglia, sede di Bologna, mette a fuoco il tema della conciliazione tra lavoro professionale e cura della famiglia con una ricerca che rappresenta il contributo dell'Italia alle indicazioni dell'Unione Europea, la quale sollecita nuove politiche family friendly e ha lanciato la strategia della "Alleanza europea per le famiglie". Dopo un inquadramento generale del problema, il volume presenta il caso italiano collocandolo nel contesto internazionale. Vengono affrontati i temi dei servizi per l'infanzia, voucher e titoli di accesso per la conciliazione, i sostegni alla maternit&#xE0; e alla paternit&#xE0; (a seguito della legge 53/2000), il tema della famiglia come stakeholder dell'azienda, le esperienze innovative di conciliazione nei paesi di lingua tedesca. Infine, viene fornito uno schema di possibile "Piano nazionale di politiche familiari". L'impostazione della ricerca &#xE8; segnata dalla urgenza di riequilibrare gli interventi sociali nel senso di un maggiore sostegno alle famiglie rispetto alle dinamiche del mercato del lavoro, e di farlo adottando il principio di sussidiariet&#xE0; nei loro reciproci rapporti.</subfield>
  </datafield>
  <datafield tag="650" ind1=" " ind2=" ">
    <subfield code="a">Politica-familiare</subfield>
    <subfield code="e">006</subfield>
  </datafield>
  <datafield tag="654" ind1=" " ind2=" ">
    <subfield code="a">saggio</subfield>
  </datafield>
  <datafield tag="700" ind1=" " ind2=" ">
    <subfield code="a">Bordoni S., Di Nicola P., Donati P., Jakomet K., Macchioni E., </subfield>
    <subfield code="a"> Martigniani L., Prandini R.</subfield>
    <subfield code="9">61487</subfield>
  </datafield>
  <datafield tag="942" ind1=" " ind2=" ">
    <subfield code="c">BK</subfield>
    <subfield code="2">ddc</subfield>
  </datafield>
  <datafield tag="999" ind1=" " ind2=" ">
    <subfield code="c">210565</subfield>
    <subfield code="d">210565</subfield>
  </datafield>
  <datafield tag="999" ind1=" " ind2=" ">
    <subfield code="b">si</subfield>
  </datafield>
  <datafield tag="952" ind1=" " ind2=" ">
    <subfield code="0">0</subfield>
    <subfield code="1">0</subfield>
    <subfield code="4">0</subfield>
    <subfield code="6">B_647646574</subfield>
    <subfield code="7">1</subfield>
    <subfield code="a">CISF</subfield>
    <subfield code="b">CISF</subfield>
    <subfield code="d">2016-10-14</subfield>
    <subfield code="l">0</subfield>
    <subfield code="o">b6476-46574 </subfield>
    <subfield code="r">2016-10-14 00:00:00</subfield>
    <subfield code="w">2016-10-14</subfield>
    <subfield code="y">BK</subfield>
    <subfield code="z">Data import 15.10.2016 / by Epidotti, Vaglietti</subfield>
  </datafield>
</record>
